MDQL
is popping MORE tags! Check the
thread
!
Quizzes
Events
Quiz Creation
Community
Videos
Private Events
Remove Ads
Sign In
Join for FREE
Feedback
Dark Mode
Quiz Categories
Sports
Geography
Music
Movies
Television
Just For Fun
Miscellaneous
History
Literature
Language
Science
Gaming
Entertainment
Religion
Holiday
For Kids
Quiz Lab
Recent
Popular Today
Quiz Kudos Today
Editor Picks
Curator Picks
Quizzes by...
Day
Popularity
Type
Ratings
Length
Year
Community
Subscriptions
Recent Discussions
Orange Saloon
Badges
Playlists
Quests
Create
Leaderboards
Showdown
Live 5
Trivia Bingo
Activity
Puzzle Library
Sporcle Events
Private Events
Virtual Trivia
Globe League
Become a Host
Pub Owners
SporcleCon
Opinionation
Our Games
Videos
Blog
Mobile Apps
Partnerships
Remove Ads and Go Orange
Feedback
Television
TV Characters
TV Show
Sitcom
Network
Friends
Reality Shows
Cast
South Park
Star Trek
The Simpsons
Doctor Who
Television
TV Characters
TV Show
Sitcom
Network
Friends
Reality Shows
Cast
South Park
Star Trek
The Simpsons
Doctor Who
Random Quiz
Search Sporcle
×
Quiz Lab
Quiz Lab
Television
Show
Type in answers that appear in a list
Type in answers that appear in a list
Classic
Best Score? Go Orange.
Kids Tv shows Stats
Can you name the Kids Tv shows?
By
shaun58581
8m
22 Questions
108 Plays
108 Plays
108 Plays
Comments
Comments
Give Quiz Kudos
Give Quiz Kudos
-
- Ratings
hide this ad
Replay
Link that replays current quiz
Next Quiz
Link to next quiz in quiz playlist
You Got
0%
They Got
Avg Score
49%
Avg Friend Score
Upgrade to see
Score Distribution
Jump to the score distribution portion of the page
Score
0/22
Timer
08:00
0
Plays Today
description
tv shows
% Correct
They become friends and Cat convinces her to become roommates after Cat's cheerful and supportive grandmother Nona moves to a retirement home called Elderly Acres.
Sam and Cat
84%
Emma, Ravi, and Zuri leave New York City and head off to Moose Rump, Maine, to spend the summer at Camp
Bunk'd
77.4%
a pair of dancers in chicago
Shake It Up
70.8%
, a teenage girl, receives short psychic visions of the future events when in deep situations
That's So Raven
70.8%
Located in a strip mall, the Bobby Wasabi Martial Arts Academy is known as the worst dojo in the under-
performing nationwide Bobby Wasabi chain.
Kickin It
68.9%
actress and basketball playing sisters
Liv and Maddie
67.9%
The children learn of Stan's talking ability in the first episode and agree to keep it a secret from their parents, fearing if the world finds out that Stan can talk, he will be ta
Dog With A Blog
64.2%
a family of spies who save the world
KC Undercover
63.2%
a musician who goes to hollywood arts
Victorious
61.3%
The three teenagers are wizards
Wizards of Waverly Place
58.5%
a friendly, eccentric and well-
intentioned teenage girl from Appleton, Wisconsin who lands a main role on her favorite comedy sketch television show, So Random!.
Sonny With A Chance
58.5%
description
tv shows
% Correct
a suburban family with superpowers who are living normal lives in the fictional town of Hiddenville, Florida.
The Thundermans
55.7%
a 13-
year-
old boy who lives in the town of Swellview.
Henry Danger
53.8%
It focuses on the Hollywood misadventures of four hockey players from Minnesota
Big Time Rush
51.9%
a teen who serves as the Vice President of the Youth Fashion Department at Mad Style, where she works,
True Jackson,VP
46.2%
Ignored by her fellow mean girls, Kacey finds a new way to express herself through music by becoming the lead singer of the pop/
hip-
hop band
How To Rock
35.8%
a list of 100 things to achieve before they set off to high school
100 Things to do before High School
32.1%
an accomplished high school student and cheerleader who fights crime on a regular basis
Kim Possible
26.4%
this tv show is about 4 quads
Nicky,Ricky,Dicky,and Dawn
14.2%
a 14-
year-
old girl living in fictional Wizville, CA who is usually embarrassed by her father, Oscar.
The Proud Family
11.3%
a group of girl scientist who save the world
Project Mc2
11.3%
Conor is a professional video game player who goes by the name of Kid Fury
Gamer's Guide to pretty much Everything
10.4%
Quiz Playlist
Details
Report
Send in Message
Add To Playlist
Classic:
Type in answers that appear in a list
Last Updated: Apr 22, 2017
Quiz Scoreboard
CHALLENGE
Sign Up to Join the Scoreboard
Show All
Scores
Hide
Comments
May contain spoilers
Recently Published
5x2 Blitz: Bands
by SL_Kpop136
Music
30s
Colored Red Africa Blitz
by spor1
Geography
30s
Find the 'City' Movie
by crazypaving
Movies
60s
More to Explore
Quiz From the Vault
Featured Blog Post
14 Easter Pick-up Lines to Find Eggs With
hide this ad
You Might Also Like...
Tags
Show Quiz
description
kid
Today's Top Quizzes in Television
Browse Television
hide this ad
Today's Top Quizzes in Show
Browse Show
Top Contributed Quizzes in Television
1
Survivor Journey Challenge
2
Brooklyn Nine Nine Logic Puzzle (How-To-Play)
3
Phoebe Buffay Quotes
4
One Tree Hill Logic Puzzle
5
Survivor Logic Puzzle: Heroes vs. Villains
6
Survivor Trivia
7
Game of Thrones: Tywin Lannister Start to Finish
8
All US Survivor Seasons in Order
9
Emmerdale Characters (from August 2012)
10
Survivor Trivia #6: Criteria Quiz!
Explore More
Trending Topics
Disney
Crossword
NBA
Harry Potter
Kpop
Marvel
Anime
Pokémon
Country
Soccer
Puzzle
NFL
Song
WWE
The Office
hide this ad
More By:
shaun58581
Quiz
Plays
Rating
Category
Featured
Created
Kids Tv shows
108
5.00
Television
Apr 22, 2017
Can you guess the lyrics to this song?
26
Music
Nov 3, 2018
Go to Creator's Profile
Score Distribution
Quiz Creator Spotlight
shaun58581
Follow
Send a Message
Quizzes Created
-
Created Quiz Play Count
-
More By This Creator
Popular Quizzes Today
1
Find the 'City' Movie
2
Colored Red Africa Blitz
3
Find the US States - No Outlines Minefield
4
5x2 Blitz: Bands
5
The Countries of the World
6
Find the US States
7
US States
8
9x9 Crossword: Cartoon Network
More Television Quizzes
Similar Premise: TV II
Published
Trending Quizzes
Colored Red Europe Blitz I
Colored Red Africa Blitz II
Colored Red Europe Blitz II
Colored Red Africa Blitz III
Colored Red Europe Blitz III
Recently Updated
Famous TV Couples
Peacemaker
Champions League XIs: Real Madrid
pecheneg
Largest US Cities 1790-2010
pecheneg
Rides in Walt Disney World
pecheneg
Most Oscar Losses (Acting)
pecheneg
Beyoncé Albums
pecheneg
Leaping Animals
pecheneg
Reality TV Shows (A-Z)
bhenderson79
Rickey Henderson's Hall of Fame Teammates
pecheneg
Champions League XIs: Arsenal
pecheneg
Trending Topics
Disney
NBA
Marvel
Crossword
Harry Potter
Kpop
Anime
Puzzle
Song
Soccer
Country
WWE
NFL
The Office
Pokémon
Your Account Isn't Verified!
In order to create a playlist on Sporcle, you need to verify the email address you used during registration. Go to your
Sporcle Settings
to finish the process.
Report this User
Report this user for behavior that violates our
Community Guidelines
.
Details:
Send Report
Go to the Sporcle.com Mobile Site →
Comments